Harry Potter Book by Chapter Title Quiz Stats

 Plays Quiz Updated May 19, 2016

Challenge
Share
Tweet
Embed
Score 0/70 Timer 10:00
9 Plays Today
Chapter Book % Correct
The Heir of Slytherin???
90.7%
Nicolas Flamel???
87.4%
Beauxbatons and Durmstrang???
86.7%
The Yule Ball???
86.6%
Talons and Tea Leaves???
85.8%
Detention with Dolores???
84.7%
The Quidditch World Cup???
84.3%
The Lost Diadem???
84%
A Sluggish Memory???
83.6%
The Four Champions???
83.6%
The Tale of the Three Brothers???
83.1%
The Portkey???
83%
The Knight Bus???
82.7%
The Writing on the Wall???
82.5%
The Very Secret Diary???
82.4%
Norbert the Norwegian Ridgeback???
82.1%
The Battle of Hogwarts???
82.1%
The Mirror of Erised???
81.9%
Educational Decree Number Twenty-Four???
81.7%
The Keeper of the Keys???
81.7%
OWLs???
81.5%
The Man with Two Faces???
81.1%
The Boggart in the Wardrobe???
80.7%
The Polyjuice Potion???
80.4%
The Slug Club???
80.3%
Dobby's Warning???
80.3%
The Boy Who Lived???
80%
Cat, Rat and Dog???
79.7%
Dumbledore's Army???
79.4%
Through the Trapdoor???
79.1%
The Hungarian Horntail???
78.7%
The Dementor's Kiss???
78.7%
The Marauder's Map???
78.6%
Dudley Demented???
77.8%
The Life and Lies of Albus Dumbledore???
77.5%
Chapter Book % Correct
The Dark Mark???
77.3%
Sectumsempra???
77.2%
Felix Felicis???
76.7%
Aunt Marge's Big Mistake???
76.7%
The Silver Doe???
76.6%
Number Twelve Grimmauld Place???
76.4%
The Unforgivable Curses???
76.2%
The Dueling Club???
75.4%
The Lost Prophecy???
75.1%
Beyond the Veil???
74.5%
The Rogue Bludger???
70.8%
Grim Defeat???
70.5%
Halloween???
70.2%
Mudbloods and Murmurs???
69.5%
The House of Gaunt???
68.2%
St. Mungo's Hospital???
66.8%
Priori Incantatem???
66.1%
Hermione's Secret???
65.5%
The Firebolt???
65.4%
The Letters from No One???
65%
The Sacking of Severus Snape???
63.9%
The Lightning-Struck Tower???
63.4%
The Deathday Party???
63.2%
The Other Minister???
62.9%
The Whomping Willow???
61.5%
The Vanishing Glass???
60.1%
Snape Victorious???
57.4%
Snape's Worst Memory???
56.4%
The Phoenix Lament???
56%
The Dark Lord Ascending???
52.6%
Magic Is Might???
51.7%
An Excess of Phlegm???
50%
King's Cross???
41.7%
The Prince's Tale???
34.6%
Weasley's Wizard Wheezes???
25.9%

You're not logged in!

Compare scores with friends on all Sporcle quizzes.
Join for Free
OR
Log In

You Might Also Like...

Show Comments

Extras

Top Quizzes Today


Score Distribution

Your Account Isn't Verified!

In order to create a playlist on Sporcle, you need to verify the email address you used during registration. Go to your Sporcle Settings to finish the process.

Report this User

Report this user for behavior that violates our Community Guidelines.

Details: